LEADER 01118nam a2200229 a 4500 001 000000121720 003 CaOOAMICUS 005 20100512133945.0 008 100512s1914 fr u000 u fre r 040 $aPUL$bita$dMCT 100 1 $aFarges, Albert,$csac.,$d1848-1926.$0(OLS)http://pul/name/3863 245 13$aLa philosophie de m. Bergson, professeur au Collège de France : exposé et critique /$cpar Mgr Albert Farges ; ouvrage honoré d'une lettre de S. Em. le cardinal Merry Del Val. 250 $a2ème éd. augmentée d'une réponse aux critiques de la presse. 260 $aParis :$b[s.n.],$c1914. 300 $a527 p. ;$c21 cm 504 $aNote bibliografiche. 600 14$aBergson, Henri,$d1859-1941$xFilosofia.$0(OLS)http://pul/subject/1803 850 $aPUL 852 $aPUL$W1$xDP1 Filosofia 1$y19$m590 G 7$j139706$qStampati$B138896$CPULBib$Z2$F138896 $H38256 $82 941 1 $a8 996 $6245$aLa philosophie de m. Bergson, professeur au Collège de France : exposé et critique$9(OLS)http://pul/title/153139 996 $6260$aParis :$b[s.n.]$9(OLS)http://pul/publisher/47948 LEADER 01797cam a22003734a 4500 001 000000118474 003 CaOOAMICUS 005 20091203091924.0 008 091202m20072008it b 000 0 ita r 020 $z978-88-420-4259-4 (V. 2)* 020 $z978-88-420-4258-7 (V. 1)* 040 $aPUL$bita$dReb 041 1 $aita$hfre 100 1 $aLaplanche, Jean.$0(OLS)http://pul/name/30668 240 10$aVocabulaire de la psychanalyse$lItaliano.$0(OLS)http://pul/title/149100 245 10$aEnciclopedia della psicoanalisi /$cJean Laplanche, Jean-Bertrand Pontalis. 250 $aNuova edizione a cura di Luciano Mecacci e Cynthia Puca 260 $aRoma ;$aBari :$bLaterza,$c©<2007-2008>. 300 $a2 v. ;$c21 cm. 490 1 $aEconomica Laterza ;$v7-8 504 $aInclude riferimenti bibliografici ed indici. 650 4$aPsicanalisi$xEnciclopedie e dizionari.$0(OLS)http://pul/subject/20037 700 1 $aPuca, Cynthia.$0(OLS)http://pul/name/73997 700 1 $aMecacci, Luciano.$0(OLS)http://pul/name/65806 700 1 $aPontalis, Jean Bertrand.$0(OLS)http://pul/name/73998 830 0$aEconomica Laterza ;$v7-8.$0(OLS)http://pul/title/39309 850 $aPUL 852 $aPUL$W1$xSL Filosofia 3$y81$m150. 195 LAPJE 1.2$j135971$qDDC 21$B134903$CPULBib$Z2$F134903 $H111788 $82 852 $aPUL$W1$xSL Filosofia 3$y81$m150. 195 LAPJE 1.1$j135992$qDDC 21$B134981$CPULBib$Z2$F134981 $H111787 $82 941 1 $a9 996 $6020$z978-88-420-4259-4 (V. 2)*$9(OLS)http://pul/number/142604 996 $6020$z978-88-420-4258-7 (V. 1)*$9(OLS)http://pul/number/142633 996 $6245$aEnciclopedia della psicoanalisi$9(OLS)http://pul/title/149101 996 $6260$aRoma ;$aBari :$bLaterza$9(OLS)http://pul/publisher/57682 LEADER 01203nam a2200301 a 4500 001 000000168226 003 CaOOAMICUS 005 20180613162508.0 008 180613s1970 it 000 u ita r 032 $aLibriCat 040 $aPul$bita 041 1 $aita$heng 100 1 $aBion, Wilfred R.$0(OLS)http://pul/name/87635 240 10$aSecond Thoughts. $lItaliano.$0(OLS)http://pul/title/208482 245 10$aAnalisi degli schizofrenici e metodo psicoanalitico / $cWilfred R. Bion . 260 $aRoma :$bArmando,$c©1970. 300 $a262 p. ;$c22 cm. 490 1 $aSerie di psicoanalisi ;$v02 650 4$aPsicanalisi.$0(OLS)http://pul/subject/1791 700 1 $aBordi, Sergio,$d1929-2006.$0(OLS)http://pul/name/72512 830 0$aSerie di psicoanalisi ;$v02.$0(OLS)http://pul/title/208481 850 $aPUL 852 $aPUL$W1$xDP1 Fondo Dalla Palma$y117$m7 B 28$j21439$qFondi$B196110$CPULBib$Z2$F196110 $HDal3086 $81 941 1 $a1 960 $aPsicoanalisi$91791 996 $6245$aAnalisi degli schizofrenici e metodo psicoanalitico / $9(OLS)http://pul/title/208483 996 $6260$aRoma :$bArmando$9(OLS)http://pul/publisher/55055